000 00622nam a22002057a 4500
999 _c3707
_d3707
003 URS
005 20220114142613.0
008 190709s2018 a|||| |||| 00| 0 eng d
020 _a139781337277938
040 _beng
_cURS
_drda
050 1 4 _aQA 76.76
_b.C1871 2018
100 _aCampbell, Jennifer
245 1 0 _aWeb design: introductory
_b introductory/
_cJennifer Campbell
260 _aBoston:
_bCengage Learning;
_c[2018]
300 _bwith illustratons
_c29 cm
504 _aIncludes index
524 _aJ. Campbell (2018) Web design: introductory. Boston, Cengage Learning.
650 0 _aWeb Design
942 _2lcc
_cR